Alle modernen Länder, die je von Polen kontrolliert wurden (Karte) - Statistiken

Allgemein
  • Dieses Quiz wurde 444 mal gespielt
  • Das Durchschnittsergebnis liegt bei 21 aus 24
Antworten auf der Karte
Die Antworten werden auf der Karte rot bzw. grün angezeigt, abhängig davon wie oft sie richtig erraten wurden.
 
Antwortstatistiken
Land % Korrekt
Russland
100%
Belarus
99%
Deutschland
99%
Estland
99%
Litauen
99%
Polen
99%
Slowakei
99%
Tschechien
99%
Ukraine
99%
Bosnien und Herzegowina
98%
Kroatien
98%
Lettland
98%
Österreich
98%
Serbien
98%
Ungarn
98%
Rumänien
97%
Slowenien
97%
Moldawien
96%
Madagaskar
85%
Kamerun
72%
Trinidad und Tobago
62%
Gambia
59%
China
55%
Senegal
34%
Keine übereinstimmenden Quizze gefunden
Verteilung der Resultate
Anzahl Personen mit jedem Resultat
Perzentil nach korrekt beantworteten Fragen
Ihre Resultats-Entwicklung
Sie haben dieses Quiz noch nicht gespielt